000 002950000a22001450004500
005 20120302061501.0
942 _cBOOK
100 _a Bhatruhari
245 _a Vairaagyashatak
260 _aPune:Varada Books,1994.
300 _a55p.
040 _aM.S
365 _b20/-
650 _aSankirna
999 _c354080
_d354077